Регионална библиотека "Любен Каравелов" - Русе

Direkt zur Grammatik (Запис номер 94124)

MARC детайли
000 -Лидер
Контролно поле с фиксирана дължина 01516nam a2200361 c 4500
003 - Код на организацията, давaща контролен номер
Контролно поле BLK
005 - Дата и час на последна редакция
Контролно поле 20210427095351.0
008 - Елементи от данни с фиксирана дължина
fixed length control field 180408b bul|||||r ||||||| ||bul||
010 ## - Наследен системен номер
LC control number KNG00098942000
020 ## - Международен стандартен номер на книга ISBN
Международен стандартен номер на книга ISBN 978-954-344-114-3
-- издат.: ПОНС България
040 ## - Източник на каталожния запис
Идентификатор на билиотеката - собственик на записа BLK
041 ## - Код за език
Код за езика на текст/звукозапис или на отделно заглавие Немски
Код за езика КДБФ Немски
072 #7 - Код за тематичната категория
Код организация bullib
Код за тематична категория Н80
Текст Езикознание Н
080 ## - УДК
Текстов определител УДК Немски език (високонемски, стандартен писмен)
УДК код - определител по УДК 811.112.2
УДК определител -5
УДК - код + определител 811.112.2-5
100 1# - Редна дума - Автор
Автор Motta, Giorgio
Авторска отговорност първи автор
R(LIN) 305781
139 ## - Редно поле
Редна дума Motta, Giorgio et al.
Авторски знак Mot - M 89
245 10 - Сведения за заглавието
Заглавие Direkt zur Grammatik
Подзаглавни данни Ubungsgrammatik
Редно поле (дума) Giorgio Motta; съавт. Roberta Colombo.
257 ## - Страна на издаване
Страна на създаване/издаване Италия
260 ## - Област на издателските данни
-- Sofia
Име на издателя, разпространителя и проч. ПОНС България
Година на издаване 2009
Печатница Пловдив : Багра
300 ## - Физическа характеристика
Страници 229 с.
Илюстрации и др. с табл.
Размери/Мащаб 29 см
380 ## - Жанр
Жанр Езикознание. Филология
500 ## - Общи забележки
Забележка Авт. не са отбелязани на кор. ; Втората авт. отбелязана в библиогр. каре. - Изд. на Klett. - Съдържа и Речник ; Losungsschlussel. - Доп. тир. 2014.
650 #4 - Допълнително описание по предмет – тема
Основно описание – тема или топоним Немски език - граматика
9 (RLIN) 244518
653 ## - Ключова дума – ненормативна
Ключова дума немски език
653 ## - Ключова дума – ненормативна
Ключова дума граматика
659 ## - Тематичен бюлетин
Тематичен бюлетин Н
700 1# - Други автори (авторска отговорност)
Лично име Colombo, Roberta
Автороска отговорност (Описва отношението между автора и произведението) съавт.
9 (RLIN) 305783
852 ## - Местоположение
Форматна сигнатура Цб ІІ 16477
856 4# - Електронен адрес и достъп
Електронен формат pdf - файл
Път до файла /url/
856 4# - Електронен адрес и достъп
Електронен формат pdf - файл
Път до файла /url/
942 ## - АРТИКУЛИ
Вид на библиотечния материал Книги
Скрит в OPAC Не
Koha issues (borrowed), all copies 6
944 ## - СЪЗДАВАНЕ И РЕДАКЦИЯ на ЗАПИСА
Създаване/Редакция Създаване
Дата на регистрацията/редакция 12.01.2011
Статус, дата на статуса ф /
Служител, извършил регистрацията/редакцията Геновева_Генчева
944 ## - СЪЗДАВАНЕ И РЕДАКЦИЯ на ЗАПИСА
Създаване/Редакция Редакция
Дата на регистрацията/редакция 01.12.2016
Статус, дата на статуса ф /
Служител, извършил регистрацията/редакцията Людмила_Стоянова
999 ## - СИСТЕМНИ КОНТРОЛНИ НОМЕРА
Koha biblionumber 94124
Koha biblioitemnumber 94124
Наличности
Код за отписване Код за изгубен артикул Код за повреда Коз за рестрикции Код за отдаване Артикулен № Име на библиотеката - собственик Име на библиотеката, в която се намира в момента Статус (Текущо местоположение) Дата на вписване в системата Местоположение - отдел Цена в лева Инвентарен номер Систематично азбучна сигнатура Баркод Номер на екземпляра Цена в евро Служебна бележка Служебен тип на артикула
  Не е изгубен Не е повреден без рестрикции ползва се в читалня 151194 Регионална библиотека "Любен Каравелов" Русе Регионална библиотека "Любен Каравелов" Русе Хранилище 2011-01-11 Хранилище 15.90 120000748537 Цб ІІ 16477 120000748537 1 8.13 Дост: Dp Вид: Д N: 17 Дата: 21.04.2010 Книги
  Не е изгубен Не е повреден без рестрикции заемане за дома 151195 Регионална библиотека "Любен Каравелов" Русе Регионална библиотека "Любен Каравелов" Русе ЧЧЗО - англ. ез. - Британски съвет 2016-11-26 ЧЧЗО - англ. ез. - Британски съвет 19.90 120000806061 Ч3 803.0-5/M 89 120000806061 2 10.17 Дост: Pk Вид: Ф N: 474 Дата: 23.11.2016 Книги
Vip Innovations Ltd, Rousse, Bulgaria 2025